00000000nam##2200000za#4500
0019.648605
003CaOODSP
00520210615113206
007ta
008150407|2002||||xxc|||||     f|0| 0 eng|d
020 |a0-662-32584-2
040 |aCaOODSP|beng
043 |an-cn---
0861 |aMP43-195/2002E
1101 |aCanada. |bHuman Resources Development Canada.
24510|aLooking for a job?
260 |aOttawa - Ontario : |bHuman Resources Development Canada |c2002.
300 |a54p. : |billus., index ; |c28 cm.
5203 |aWhether you are a first-time job seeker, a student looking for employment, or someone looking to change jobs, Looking for a Job? can help you with your job search or planning your career path.
563 |aSoftcover
590 |a03-44|b2003-10-31
69007|aEmployment|2gcpds
69007|aInnovation|2gcpds
69007|aLearning|2gcpds
77508|tTu cherches un emploi? |w(CaOODSP)9.681884
7760#|tLooking for a job? |w(CaOODSP)9.649014
7760#|tLooking for a job? |w(CaOODSP)9.649015
7760#|tLooking for a job? |w(CaOODSP)9.649076
7760#|tLooking for a job? |w(CaOODSP)9.649079
7760#|tLooking for a job - knowledge matters : |w(CaOODSP)9.686740